Pensamiento exiliado español : (Record no. 179622)

MARC details
000 -LEADER
campo de control de longitud fija 02488nam a2200409 i 4500
001 - NÚMERO DE CONTROL
campo de control 179622
003 - IDENTIFICADOR DE NÚMERO DE CONTROL
campo de control ES-MaACL
005 - FECHA Y HORA DE LA ÚLTIMA TRANSACCIÓN
campo de control 20250405192620.0
008 - DATOS DE LONGITUD FIJA--INFORMACIÓN GENERAL
campo de control de longitud fija 111226s2010 sp |||| | spa d
020 ## - NÚMERO INTERNACIONAL ESTÁNDAR DEL LIBRO
Número Internacional Estándar del Libro 978-84-9940-163-8
020 ## - NÚMERO INTERNACIONAL ESTÁNDAR DEL LIBRO
Número Internacional Estándar del Libro 978-84-00-09198-9
080 ## - NÚMERO DE LA CLASIFICACIÓN DECIMAL UNIVERSAL
Número de la Clasificación Decimal Universal 929-054.7(=1.460:100)"19":008
080 ## - NÚMERO DE LA CLASIFICACIÓN DECIMAL UNIVERSAL
Número de la Clasificación Decimal Universal 325.254(460:7/8)"1939/..."
245 00 - MENCIÓN DEL TÍTULO
Título Pensamiento exiliado español :
Resto del título el legado filosófico del 39 y su dimensión iberoamericana /
Mención de responsabilidad, etc. Antolín Sánchez Cuervo, Fernando Hermida de Blas (coords.).
260 ## - PUBLICACIÓN, DISTRIBUCIÓN, ETC.
Lugar de publicación, distribución, etc. Madrid :
Nombre del editor, distribuidor, etc. Biblioteca Nueva :
-- Consejo Superior de Investigaciones Científicas,
Fecha de publicación, distribución, etc. [2010]
300 ## - DESCRIPCIÓN FÍSICA
Extensión 322 p. ;
Dimensiones 21 cm.
490 1# - MENCIÓN DE SERIE
Mención de serie Razón y sociedad ;
Designación de volumen o secuencia 104
504 ## - NOTA DE BIBLIOGRAFÍA, ETC.
Nota de bibliografía, etc. Referencias bibliográficas.
505 8# - NOTA DE CONTENIDO CON FORMATO
Nota de contenido con formato Contiene: Alfonso Reyes, huésped y anfitrión hispanista / Evangelina Soltero y Fermín del Pino-Díaz . Ortega en Latinoamérica: el legado filosófico de José Gaos / Javier Muguerza . Occidentalismo e integración disciplinaria: Eduardo Nicol frente a América / Mª Paz Balibrea . Del exilio al arraigo: el organismo iberoamericano de Joaquín Xirau / Antolín Sánchez Cuervo . Cultura y política en el pensamiento de José Ferrater Mora / Carlos Nieto Blanco . Lecturas del Quijote en el exilio / José Luis Mora . El ensayo: ventana sin par del exilio republicano español / Ricardo Tejada . Max Aub, entre la diáspora y el exilio / Reyes Mate . Crucificado por el dolor de España: los exilios de José Bergamín / Julián Sauquillo . Destierro y exilio: categorías del pensar de María Zambrano / Jesús Moreno Sanz
600 14 - PUNTO DE ACCESO ADICIONAL DE MATERIA--NOMBRE DE PERSONA
9 (RLIN) 96554
Nombre de persona Reyes, Alfonso,
Fechas asociadas al nombre 1889-1959
600 04 - PUNTO DE ACCESO ADICIONAL DE MATERIA--NOMBRE DE PERSONA
Nombre de persona Gaos, José
Fechas asociadas al nombre 1883-1955
9 (RLIN) 239982
600 14 - PUNTO DE ACCESO ADICIONAL DE MATERIA--NOMBRE DE PERSONA
9 (RLIN) 85551
Nombre de persona Nicol, Eduardo
600 14 - PUNTO DE ACCESO ADICIONAL DE MATERIA--NOMBRE DE PERSONA
9 (RLIN) 117516
Nombre de persona Xirau, Joaquín,
Fechas asociadas al nombre 1895-1946
600 04 - PUNTO DE ACCESO ADICIONAL DE MATERIA--NOMBRE DE PERSONA
9 (RLIN) 50338
Nombre de persona Ferrater Mora, José
600 14 - PUNTO DE ACCESO ADICIONAL DE MATERIA--NOMBRE DE PERSONA
9 (RLIN) 23783
Nombre de persona Aub, Max,
Fechas asociadas al nombre 1903-1972
600 14 - PUNTO DE ACCESO ADICIONAL DE MATERIA--NOMBRE DE PERSONA
9 (RLIN) 27925
Nombre de persona Bergamín, José,
Fechas asociadas al nombre 1895-1983
600 14 - PUNTO DE ACCESO ADICIONAL DE MATERIA--NOMBRE DE PERSONA
9 (RLIN) 117914
Nombre de persona Zambrano, María,
Fechas asociadas al nombre 1904-1991
650 #4 - PUNTO DE ACCESO ADICIONAL DE MATERIA--TÉRMINO DE MATERIA
Término de materia o nombre geográfico como elemento de entrada Exiliados españoles-
Subdivisión general Vida intelectual.
9 (RLIN) 143431
650 #4 - PUNTO DE ACCESO ADICIONAL DE MATERIA--TÉRMINO DE MATERIA
Término de materia o nombre geográfico como elemento de entrada Exiliados españoles-
Subdivisión cronológica América
9 (RLIN) 12662
700 1# - ENTRADA AGREGADA--NOMBRE PERSONAL
Nombre de persona Sánchez Cuervo, Antolín.
9 (RLIN) 102565
700 1# - ENTRADA AGREGADA--NOMBRE PERSONAL
Nombre de persona Hermida de Blas, Fernando.
9 (RLIN) 62756
710 2# - ENTRADA AGREGADA--NOMBRE DE ENTIDAD CORPORATIVA
Nombre de entidad corporativa o nombre de jurisdicción como elemento de entrada Consejo Superior de Investigaciones Científicas (España)
9 (RLIN) 3236
830 1# - PUNTO DE ACCESO ADICIONAL DE SERIE-TÍTULO UNIFORME
Título uniforme Razón y sociedad ;
Designación de volumen o secuencia 104
9 (RLIN) 180621
852 4# - LOCALIZACIÓN
Ubicación ES-MaACL
Número de control de estantería A-11761
itemnumber 186519
Sublocalización o colección R.146702
Ubicación en estantería Depósito 1
Signatura antigua Olim: N-4766
942 ## - ELEMENTOS DE ENTRADA SECUNDARIOS (KOHA)
Fuente del sistema de clasificación o colocación Clasificación decimal universal
Tipo de ítem Koha Libro impreso
Holdings
Estatus retirado Estado de pérdida Fuente del sistema de clasificación o colocación Estado de daño No para préstamo Biblioteca de origen Biblioteca actual Ubicación en estantería Fecha de adquisición Fuente de adquisición Total de préstamos Signatura topográfica completa Código de barras Visto por última vez Precio de reemplazo Tipo de ítem Koha
    Clasificación decimal universal     Biblioteca del Ateneo de Madrid Biblioteca del Ateneo de Madrid Depósito 1 26/12/2011 Compra   A-11761 1188697 23/02/2023 23/02/2023 Libro impreso